00611cam a2200181 a 4500008004100000020002200041100002200063245008900085260003900174300003300213500002000246504004100266650003400307650006100341003000100402005001700403040000900420  a0852555830 (pbk.)1 aVeit-Wild, Flora.10aWriting madness :bborderlines of the body in African literature /cFlora Veit-Wild. aOxford :bJames Currey Ltd,c2006. aix, 174 p. :bill. ;c23 cm. aIncludes index. aIncludes bibliographical references. 0aMental illness in literature. 0aAfrican literaturey20th centuryxHistory and criticism.20230123125354.0 cNUST